Մարտական 89 : (Record no. 107686)
[ view plain ]
| 000 -LEADER | |
|---|---|
| fixed length control field | 01707nam a2200277 a 4500 |
| 001 - CONTROL NUMBER | |
| control field | 000293686 |
| 003 - CONTROL NUMBER IDENTIFIER | |
| control field | AM-YeHGA |
| 005 - DATE AND TIME OF LATEST TRANSACTION | |
| control field | 20250618071915.0 |
| 008 - FIXED-LENGTH DATA ELEMENTS--GENERAL INFORMATION | |
| fixed length control field | 031215s1966 ai |||||r|||||||||0|arm|d |
| 040 ## - CATALOGING SOURCE | |
| Original cataloging agency | AM-YeHGA |
| 041 0# - LANGUAGE CODE | |
| Language code of text/sound track or separate title | arm |
| 090 ## - LOCALLY ASSIGNED LC-TYPE CALL NUMBER (OCLC); LOCAL CALL NUMBER (RLIN) | |
| -- | 109013 |
| 100 1# - MAIN ENTRY--PERSONAL NAME | |
| Personal name | Դալլաքյան, Ղևոնդ Մեխակի, |
| Dates associated with a name | 1915-1992 |
| 9 (RLIN) | 1295 |
| 245 10 - TITLE STATEMENT | |
| Title | Մարտական 89 : |
| Remainder of title | [89-րդ հայկ. հրաձգ. Թամանյան դիվիզիայի պատմությունը] / |
| Statement of responsibility, etc. | Ղ.Մ. Դալլաքյան ; Խմբ.՝ Ա.Մ. Հակոբյան ; Նկ.՝ Ռ. Պ. Նանուշյան ; ՍՄԿԿ Կենտկոմին կից մարքսիզմ-լենինիզմի ին-տի հայկ. ֆիլիալ ; ՀԿԿ Կենտկոմի Կուսակցության պատմության ին-տ. |
| 260 ## - PUBLICATION, DISTRIBUTION, ETC. | |
| Place of publication, distribution, etc. | Երևան : |
| Name of publisher, distributor, etc. | Հայաստան, |
| Date of publication, distribution, etc. | 1966. |
| 300 ## - PHYSICAL DESCRIPTION | |
| Extent | 324 էջ : |
| Other physical details | [8]թ. ներդիր ; |
| Dimensions | 23 սմ. |
| 500 ## - GENERAL NOTE | |
| General note | Նվիրում եմ Հայրենական Մեծ պատերազմում զոհված հայ մարտիկների պայծառ հիշատակին |
| 504 ## - BIBLIOGRAPHY, ETC. NOTE | |
| Bibliography, etc. note | Տողատակի մատենագիտ. ծանոթագր. |
| 650 14 - SUBJECT ADDED ENTRY--TOPICAL TERM | |
| Topical term or geographic name entry element | Հայրենական մեծ պատերազմ, 1941-1945 թթ. |
| 9 (RLIN) | 887 |
| 653 0# - INDEX TERM--UNCONTROLLED | |
| Uncontrolled term | 89-րդ Թամանյան հայկական հրաձգային դիվիզիայի մարտական ուղին |
| 700 1# - ADDED ENTRY--PERSONAL NAME | |
| Personal name | Հակոբյան, Արարատ Մխիթարի, |
| Dates associated with a name | 1947- |
| Relator term | խմբ. |
| Relationship | edt |
| 9 (RLIN) | 3989 |
| 700 1# - ADDED ENTRY--PERSONAL NAME | |
| Personal name | Նանուշյան, Ռ.Պ. |
| Relator term | նկ. |
| Relationship | art |
| 710 2# - ADDED ENTRY--CORPORATE NAME | |
| Corporate name or jurisdiction name as entry element | ՍՄԿԿ Կենտկոմին կից մարքսիզմ-լենինիզմի ինստիտուտի հայկական ֆիլիալ |
| 710 2# - ADDED ENTRY--CORPORATE NAME | |
| Corporate name or jurisdiction name as entry element | ՀԿԿ Կենտկոմի Կուսակցության պատմության ին-տ |
| 942 ## - ADDED ENTRY ELEMENTS (KOHA) | |
| Source of classification or shelving scheme | Universal Decimal Classification |
| Koha item type | Գրքեր / Books |
| Withdrawn status | Lost status | Damaged status | Not for loan | Collection | Home library | Current library | Date acquired | Total checkouts | Full call number | Barcode | Date last seen | Price effective from | Koha item type | Public note |
|---|---|---|---|---|---|---|---|---|---|---|---|---|---|---|
| General | Fundamental Scientific Library | Fundamental Scientific Library | 22/12/2016 | AII/40361 | 220040361 | 22/12/2016 | 22/12/2016 | Գրքեր / Books | 30 Days Loan | |||||
| General | Fundamental Scientific Library | Fundamental Scientific Library | 22/12/2016 | AII/40362 | 220040362 | 22/12/2016 | 22/12/2016 | Գրքեր / Books | 30 Days Loan |
ՀՀ Գիտությունների ազգային ակադեմիայի հիմնարար գիտական գրադարան = Fundamental Scientific Library of NAS RA
All site content, except where otherwise noted, is licensed under a